Computer networking : a top down approach featuring the internet (Record no. 168217)

MARC details
000 -LEADER
fixed length control field 00468nam a2200157Ia 4500
005 - DATE AND TIME OF LATEST TRANSACTION
control field 20250806130211.0
008 - FIXED-LENGTH DATA ELEMENTS--GENERAL INFORMATION
fixed length control field 231217s9999 xx 000 0 und d
020 ## - INTERNATIONAL STANDARD BOOK NUMBER
International Standard Book Number 9780201477115
082 ## - DEWEY DECIMAL CLASSIFICATION NUMBER
Classification number 001.64404 KUR;1 'R'
100 ## - MAIN ENTRY--PERSONAL NAME
Personal name Kurose, James F. Ross, Keith W.
245 #0 - TITLE STATEMENT
Title Computer networking : a top down approach featuring the internet
260 ## - PUBLICATION, DISTRIBUTION, ETC. (IMPRINT)
Date of publication, distribution, etc. 2001
Name of publisher, distributor, etc. New Delhi : Pearson Education,
300 ## - PHYSICAL DESCRIPTION
Extent xxiv+712
650 ## - SUBJECT ADDED ENTRY--TOPICAL TERM
Topical term or geographic name as entry element Computer networking
942 ## - ADDED ENTRY ELEMENTS (KOHA)
Koha item type Books
Holdings
Date last seen Total Checkouts Full call number Accession number Old discount Date checked out Cost, replacement price Price effective from Category Lost status Damaged status Department Withdrawn status bill no. bill date Permanent Location Current Location Entry date Vendor Cost, normal purchase price Grants Currency symbol Conversion rate Discount Discount type Shelving location
26/01/2024   001.64404 KUR 23690       26/01/2024 Books     CS     11/04/2005 Central Library Central Library 01/12/2003 Publisher   CS RS 1   Rupees CS
04/05/2026 2 001.64404 KUR;1 'R' 18628 15 09/04/2026 297.50 26/01/2024 Books     Central Library   8716 08/03/2004 Central Library RFID Kiosk 05/12/2001 Allied publ. 350.00 MCA RS 1 52.5 Rupees  

© For any Suggestions or Query, please contact the library staff @ librarian@pes.edu or Phone: +9180 2672 1983/ 2108.